LEADER 03253nam 2200493 450 001 9910466711903321 005 20200520144314.0 010 $a3-11-056295-2 010 $a3-11-056562-5 024 7 $a10.1515/9783110565621 035 $a(CKB)4100000005043729 035 $a(MiAaPQ)EBC5159348 035 $a(DE-B1597)487759 035 $a(OCoLC)1042029307 035 $a(DE-B1597)9783110565621 035 $a(Au-PeEL)EBL5159348 035 $a(CaPaEBR)ebr11605403 035 $a(EXLCZ)994100000005043729 100 $a20180920d2018 uy 0 101 0 $ager 135 $aurcnu|||||||| 181 $ctxt$2rdacontent 182 $cc$2rdamedia 183 $acr$2rdacarrier 200 10$aWettstreit in der Sprache $eEin empirischer Diskursvergleich zur Agonalita?t im Deutschen und Englischen am Beispiel des Mensch-Natur-Verha?ltnisses /$fAnna Mattfeldt 210 1$aBerlin ;$aBoston :$cDe Gruyter,$d2018. 215 $a1 online resource (456 pages) 225 1 $aSprache und Wissen (SUW) ;$v32 311 $a3-11-056289-8 327 $tFrontmatter -- $tVorwort -- $tInhalt -- $tAbbildungs- und Tabellenverzeichnis -- $t1. Einführung: Sprache, Agonalität und das Verhältnis von Mensch und Natur -- $t2. Theoretische Grundlagen -- $t3. Verwendete Korpora -- $t4. Agonalität und ihre sprachlichen Indikatoren im Deutschen und Englischen -- $t5. Agonalität in den Untersuchungskorpora: Analyseergebnisse -- $t6. Agonalität: Exkurse in andere Textsorten -- $t8. Ausblick: Weiterführende diskurslinguistische Untersuchungen von Agonalität -- $tLiteraturverzeichnis -- $tVerzeichnis der zitierten Korpustexte -- $tRegister 330 $aSprachlicher Wettstreit zwischen kontroversen Positionen und unterschiedlichen Geltungsansprüchen prägt Diskurse zu umstrittenen Themen und Wissensbeständen; Wissen wird dabei sprachlich ausgehandelt. Diese Diskursstudie untersucht sprachvergleichend zwischen dem Deutschen und Englischen mittels einer systematischen Kombination aus qualitativen und quantitativen Verfahren, welche sprachlichen und visuellen Formen Agonalität induzieren und Konflikte anzeigen. Damit steht eine neu entwickelte Diskursmethodologie für weitere diskurs- und sprachvergleichende Arbeiten zur Verfügung. Die empirische Analyse vergleicht exemplarisch Medientextkorpora um das Energiegewinnungsverfahren Fracking und den Hurrikan Sandy, der 2012 vor allem die USA traf, im Hinblick auf sprachlichen Wettstreit. Der entwickelte methodische Ansatz eignet sich ebenfalls für eine Analyse multimodaler Formen und fiktionaler Texte, was in zwei Exkursen gezeigt wird. Das Buch richtet sich in erster Linie an Sprachwissenschaftlerinnen und Sprachwissenschaftler, die sich für vergleichende Herangehensweisen und Formen sprachlichen Wettstreits in Diskursen interessieren. 410 0$aSprache und Wissen ;$v32. 606 $aGerman language$xPolitical aspects 608 $aElectronic books. 615 0$aGerman language$xPolitical aspects. 676 $a306.440943 700 $aMattfeldt$b Anna$01028972 801 0$bMiAaPQ 801 1$bMiAaPQ 801 2$bMiAaPQ 906 $aBOOK 912 $a9910466711903321 996 $aWettstreit in der Sprache$92445167 997 $aUNINA LEADER 02992nam 2200709Ia 450 001 9910968890503321 005 20251116151054.0 010 $a9786610088638 010 $a9781280088636 010 $a128008863X 010 $a9780821383728 010 $a0821383728 010 $a9781417573301 010 $a1417573309 024 7 $a10.1596/0-8213-5751-4 035 $a(CKB)1000000000031509 035 $a(EBL)476228 035 $a(OCoLC)727645660 035 $a(SSID)ssj0000086157 035 $a(PQKBManifestationID)11123674 035 $a(PQKBTitleCode)TC0000086157 035 $a(PQKBWorkID)10029567 035 $a(PQKB)11607439 035 $a(Au-PeEL)EBL476228 035 $a(CaPaEBR)ebr10074983 035 $a(CaONFJC)MIL8863 035 $a(MiAaPQ)EBC476228 035 $a(The World Bank)2004059856 035 $a(US-djbf)13733581 035 $a(EXLCZ)991000000000031509 100 $a20040928d2005 uf 0 101 0 $aeng 135 $aurcn||||||||| 181 $ctxt$2rdacontent 182 $cc$2rdamedia 183 $acr$2rdacarrier 200 00$aCustoms modernization handbook /$fedited by Luc de Wulf, Jose B. Sokol 205 $a1st ed. 210 $aWashington, DC $cWorld Bank$d2005 215 $axxiv, 327 pages $cillustrations ;$d28 cm 225 1 $aTrade and development series 300 $aDescription based upon print version of record. 311 1 $a9780821357514 311 1 $a0821357514 320 $aIncludes bibliographical references and index. 327 $aCover; Title Page; Contents; Foreword; Acknowledgments; Abbreviations and Acronyms; Overview; PART 1 Cross-Cutting Issues; PART 2 Lessons from a Select Set of Customs Reform Initiatives; PART 3 Guidelines on Issues that Affect Customs' Operational Trade Facilitation; Index; Back Cover 330 $aTrade integration contributes substantially to economic development and poverty alleviation. In recent years much progress was made to liberalize the trade regime, but customs procedures are often still complex, costly and non-transparent. This situation leads to misallocation of resources. Customs Modernization Handbook provides an overview of the key elements of a successful customs modernization strategy and draws lessons from a number of successful customs reforms as well as from customs reform projects that have been undertaken by the World Bank. It describes a number of key import proced 410 0$aTrade and development series. 606 $aCustoms administration$zDeveloping countries 606 $aInternational trade$zDeveloping countries 615 0$aCustoms administration 615 0$aInternational trade 676 $a352.4/48/091724 701 $aWulf$b Luc de$f1942-$01816664 701 $aSokol$b Jose? B$01816663 801 0$bMiAaPQ 801 1$bMiAaPQ 801 2$bMiAaPQ 906 $aBOOK 912 $a9910968890503321 996 $aCustoms modernization handbook$94372942 997 $aUNINA